Eniten alkoholia kuluttavat valtiot - Statistics

Yleistilastot
  • Tätä visaa on pelattu 95 kertaa
  • Keskiarvotulos 11 / 22
Vastaustilastot
Juomaa/Päivä Valtio % Oikein
1.90 Ranska
85%
1.99 Saksa
84%
1.96 Espanja
75%
1.81 Puola
75%
1.76 Yhdistynyt kuningaskunta
62%
2.04 Liettua
60%
1.98 Latvia
59%
1.78 Sveitsi
59%
1.85 Portugali
57%
2.22 Tšekki
57%
1.99 Irlanti
54%
1.76 Valko-Venäjä
51%
1.85 Itävalta
49%
1.81 Romania
48%
1.84 Slovenia
47%
1.96 Bulgaria
46%
1.76 Moldova
35%
1.99 Luxemburg
28%
1.78 Montenegro
19%
3.16 Seychellit
2%
1.85 Burkina Faso
1%
2.33 Uganda
1%
Ehtoja vastaavia visoja ei löytynyt
Tulosjakauma
Jokaisen tuloksen saaneiden osuus
Persentiili vastausten määrän mukaan
Tuloshistoriasi
Et ole pelannut tätä visaa